00601cam a22001931 4500001001300000003000400013005001700017008004100034010001700075035002000092040004100112042001200153050001900165100002600184245007900210260003000289300001800319500007000337af 48003391 DLC20260227110902.0890428s1945 be 000 0 dut c aaf 48003391  a(OCoLC)19620455 aCalifornia. Univ. Libr.cCUdCUdDLC apremarc00aPT6458.T35bD71 aDaisne, Johan,d1912-10aDrie-hoog-voor,cgedichten uit de Kleine kamer [door] Johan Daisne [pseud. aBrussel]bManteau,c1945. a64 p.c18 cm. a"Een oplage van 250 exemplaren genummerd van 1 à 250. [Nr] 97."